000
00310nam a22001457a 4500
003
SGT
020
_a
8186976523
082
_a
030.343 077
_b
SET
100
_a
SETH D D
245
_a
ENCYCLOPAEDIA OF MINING LAWS
250
_a
4
260
_a
DELHI
_b
DELHI LAW HOUSE
_c
2007
300
_a
1491
942
_2
ddc
_c
BK
999
_c
32384
_d
32384